[Event "Panchenko Memorial 2019"]
[Site "Chelyabinsk"]
[Date "2019.09.09"]
[Round "1.10"]
[White "Lobanov, Sergei"]
[Black "Benderac, Ana"]
[Result "1/2-1/2"]
[WhiteElo "2515"]
[BlackElo "2228"]
[Annotator "TA"]
[PlyCount "97"]
[EventDate "2019.09.09"]
[EventType "swiss"]
[EventCountry "RUS"]
[SourceTitle "playchess.com"]
[Source "ChessBase"]
[SourceQuality "1"]

{[%evp 10,97,38,21,51,0,0,-73,-75,-57,-58,-58,-20,-34,-26,-26,-17,-31,0,0,28,20,20,29,29,9,30,34,29,-17,19,13,28,0,0,0,0,-5,0,-35,-30,-66,0,-64,-27,-45,-46,-35,0,0,0,0,0,0,25,0,0,-29,-29,-29,-29,-39,-47,-46,-47,-83,-29,-35,-31,-76,-31,-56,-48,-60,-40,-48,-8,-8,-8,-8,-8,-8,0,0,0,0,0,0,0,0]} 1. e4 g6 2. d4 Bg7 3. Nc3 c6 4. Nf3 d5 5. h3 Nf6 6. e5 Nfd7 {B15: Caro-Kann: 3 Nc3: 3...g6 and 3...dxe4 4 Nxe4 Nf6 5 Nxf6+ exf6} (6... Ne4 7. Nxe4 dxe4 8. Ng5 c5 9. dxc5 Qxd1+ 10. Kxd1 Bxe5 11. Nxe4 O-O 12. c3 Rd8+ 13. Kc2 Bf5 14. f3 Nd7 15. Be3 Rdc8 16. Bd3 Bxe4 17. Bxe4 Nxc5 18. Bxc5 Rxc5 19. Bxb7 {1-0 (45) Vachier Lagrave,M (2793)-Sandipan,C (2579) Caleta 2018}) 7. Bd3 ({White should try} 7. h4 $14) 7... c5 $1 $11 8. e6 (8. dxc5 $11 Nxe5 9. Nxe5 Bxe5 10. Nxd5) 8... fxe6 $17 {Black is better.} 9. Ng5 Bxd4 $146 ({Predecessor:} 9... Nf6 10. dxc5 O-O 11. Qe2 e5 12. Qxe5 Nc6 13. Qg3 e5 14. Qh4 {0-1 (33) Saranovic,M (2142)-Raicevic,M (2368) Bar 2015}) 10. Nxe6 Bxc3+ 11. bxc3 Qb6 12. Nf4 Nf6 {Strongly threatening ...Qa5.} 13. O-O Qd6 {White must now prevent ...c4.} (13... c4 $5 {[%cal Rc4d3]} 14. Be2 e6 $15) 14. Re1 Nc6 15. Bc4 {[%cal Rf4d5][%mdl 64] [#] Pin} Bf5 16. Nxd5 {Hoping for Bf4.} O-O-O {[%cal Rf6d5]} 17. Ne3 {White wants to play Qxd6.} Qxd1 $1 18. Nxd1 Bxc2 19. Ne3 Ba4 20. Be6+ Kb8 21. Ng4 Rd3 22. Bf4+ Ka8 23. Rac1 Nd5 24. Bh6 Rd8 25. Bg7 Rd2 (25... Nf4 $15) 26. Ra1 (26. Bh6 $11 Rd3 27. Ne5 Nxe5 28. Rxe5) 26... b5 27. Ne5 Nxe5 28. Rxe5 c4 (28... Nxc3 {with more complications.} 29. Rxc5 Ne2+ 30. Kh1 Nf4 31. Bg4 Nd3) 29. Bxd5+ R2xd5 30. Rxe7 R5d7 31. Rae1 Kb7 32. Bd4 a5 33. f3 b4 34. cxb4 axb4 35. Bc5 b3 36. axb3 cxb3 37. Ba3 Bc6 (37... Rxe7 $17 38. Rxe7+ Ka6) 38. R1e3 Bd5 39. h4 h5 40. Kh2 Rxe7 41. Rxe7+ $15 {[%mdl 4096] Endgame KRB-KRB} Kc6 (41... Kb6 {looks sharper.} 42. Rg7 Rd6 43. Re7 Rc6 44. Re2 Kb5) 42. Rg7 Rg8 (42... Ra8 {keeps more tension.} 43. Rxg6+ Kb5 44. Bc1 Kc4 45. Rb6 Ra7) 43. Rxg8 {The position is equal.} Bxg8 $11 {KB-KB} 44. Kg3 Bc4 45. Kf4 Bd3 46. Kg5 Kd5 47. g4 hxg4 48. fxg4 Kc4 49. Bb2 {Accuracy: White = 56%, Black = 50%.} 1/2-1/2

[Event "Panchenko Memorial 2019"]
[Site "Chelyabinsk"]
[Date "2019.09.10"]
[Round "2.1"]
[White "Guseva, Marina"]
[Black "Sivuk, Vitaly"]
[Result "0-1"]
[WhiteElo "2374"]
[BlackElo "2559"]
[Annotator "TA"]
[PlyCount "102"]
[EventDate "2019.09.09"]
[EventType "swiss"]
[EventCountry "RUS"]
[SourceTitle "playchess.com"]
[Source "ChessBase"]
[SourceQuality "1"]

{[%evp 13,102,53,67,74,76,61,57,60,55,49,62,60,64,63,68,66,70,63,86,86,120,119,128,121,112,119,115,35,89,95,110,102,126,76,183,181,219,216,216,214,233,214,226,228,224,213,327,255,312,294,297,257,355,335,783,741,648,512,778,771,874,889,887,886,884,869,847,820,734,669,626,622,735,317,340,308,305,0,0,-29992,-29993,-29993,776,-29994,-29995,-29995,-29996,-29996,-29997,-29997,-29998]} 1. d4 Nf6 2. c4 c5 3. d5 g6 4. Nc3 Bg7 5. e4 d6 6. Bd3 O-O 7. h3 a6 8. a4 {E71: King's Indian: 4 e4 d6 5 h3} b6 (8... e6 9. Nf3 exd5 10. cxd5 Nbd7 11. O-O Qe7 12. Bf4 Nh5 13. Bh2 Bh6 14. Re1 Bf4 15. g3 Bh6 16. Bf1 Ne5 17. Nxe5 Qxe5 18. f4 Qd4+ 19. Kg2 Qb4 20. Qd2 f5 21. e5 dxe5 22. Rxe5 {1-0 (44) Shirov,A (2675)-Dubov,D (2629) Moscow 2014}) 9. Nf3 e5 10. O-O {White is slightly better.} Nh5 11. a5 $146 ({Predecessor:} 11. Re1 Ra7 12. Bf1 Qe8 13. a5 bxa5 14. Rxa5 {0-1 (33) Spacek,P (2395)-Koch,H (2180) Trier 1997}) 11... bxa5 12. Re1 Nd7 13. Qa4 Rb8 14. Qxa5 Qe7 15. Bf1 h6 16. Rb1 f5 17. b4 cxb4 18. Rxb4 Rxb4 19. Qxb4 Nc5 20. exf5 (20. Be3 $16) 20... gxf5 (20... Bxf5 $14 21. Be3 Bxh3 $1 {[%mdl 512]}) 21. Na4 $16 e4 22. Nxc5 dxc5 23. Qa3 Rf6 {[#]} (23... Kh7 $16 {keeps fighting.}) 24. Nd4 $1 $18 {[%mdl 512]} Rg6 (24... cxd4 25. Qxe7) 25. Nc6 Qd6 26. Be2 $1 {[%cal Re2h5]} Nf6 27. f4 Bf8 28. Ne5 Rg7 29. Bb2 Bb7 (29... Qc7 {might work better.} 30. Kh1 h5) 30. Bc3 h5 31. Rb1 Bc8 32. Qc1 h4 33. Nc6 Rg6 $2 (33... Nd7 34. Bxg7 Bxg7) 34. Rb8 Qc7 35. Be5 Qd7 (35... Qg7 $142 36. Kh1 (36. Rxc8 {leads to mate.} Rxg2+ {[%mdl 64] Double Attack} 37. Kh1 Qg3 38. Rxf8+ {[%mdl 64] Remove Defender} Kxf8 39. Bd6+ Kg7 40. Bf8+ Kxf8 41. Bf1 Qxh3#) 36... Bd7) 36. Qe1 Rh6 37. Bxf6 {[%mdl 64] Overworked Piece} Rxf6 38. Qxh4 Rh6 39. Qg5+ Kh7 40. Bh5 Bd6 41. Bf7 {[%mdl 64] Deflection} Qxf7 42. Rxc8 {Black must now prevent Ne5.} Qg6 {[#]} 43. Qd8 (43. Ne7 $142 $1 Qxg5 44. fxg5) 43... Qg7 {[#]} 44. Ne5 $1 {[%mdl 512]} e3 {[#]} (44... Bxe5 45. fxe5) 45. Qe8 $2 (45. Qd7 $1 $18 {[%cal Rd7f5]} Qxd7 46. Nxd7) 45... e2 $1 $11 {[%cal Re2e1]} 46. Nf3 $2 {[%mdl 8192] [#]} (46. Kf2 $11 Qg3+ 47. Kxe2 (47. Kxg3 e1=Q+ 48. Kf3 Qd1+ 49. Kf2 Qd2+ 50. Kf1 Qc1+ 51. Kf2 Qd2+ 52. Kg1 Qe1+ 53. Kh2 Rxh3+ 54. Kxh3 Qh1+ 55. Kg3 Qe1+ 56. Kh3 Qh1+ 57. Kg3 Qe1+ 58. Kf3 Qf1+ 59. Kg3 Qe1+ $11) 47... Qxg2+ 48. Ke1 Qg3+ 49. Ke2 Qh2+ 50. Ke1 Qg3+ 51. Ke2 Qh2+ 52. Ke1 Qg3+) 46... Qa1+ $1 47. Kh2 Bxf4+ 48. g3 {[%csl Gc8][%cal Re8g8] [#]} Rxh3+ $1 {[%mdl 576] Decoy. Black mates.} 49. Kxh3 Qf1+ {[%mdl 64] Double Attack} 50. Kh2 Qf2+ {[%mdl 64] Double Attack} 51. Kh1 Qxf3+ {Accuracy: White = 71%, Black = 56%.} 0-1

[Event "Panchenko Memorial 2019"]
[Site "Chelyabinsk"]
[Date "2019.09.10"]
[Round "2.2"]
[White "Bocharov, Ivan"]
[Black "Berzinsh, Roland"]
[Result "1-0"]
[WhiteElo "2557"]
[BlackElo "2376"]
[Annotator "TA"]
[PlyCount "100"]
[EventDate "2019.09.09"]
[EventType "swiss"]
[EventCountry "RUS"]
[SourceTitle "playchess.com"]
[Source "ChessBase"]
[SourceQuality "1"]

{[%evp 16,100,25,9,20,14,22,0,20,0,0,0,0,0,0,0,0,0,0,-47,-45,-77,-39,-111,-143,-140,-87,-98,-93,-113,-77,-103,-101,-127,-127,-131,-78,-81,-82,-97,-89,-92,-52,-74,7,0,0,0,0,-15,0,0,0,0,2,2,16,0,0,0,0,0,22,13,16,20,22,20,20,20,26,24,59,17,36,17,60,61,61,61,61,61,81,27,68,69,215]} 1. c4 c5 2. Nf3 Nf6 3. Nc3 e6 4. e3 Nc6 5. d4 d5 6. cxd5 exd5 7. Bb5 cxd4 8. Nxd4 Bd7 9. O-O Bd6 {D32: Tarrasch Defence: Sidelines and lines without g3} 10. Nf3 a6 (10... Bg4 11. Be2 O-O 12. h3 Bh5 13. b3 Qa5 14. Bb2 Rad8 15. Nd4 Nxd4 16. Bxh5 Nc6 17. Be2 {0-1 (24) Vitiugov,N (2727)-Grischuk,A (2766) Riga 2019}) 11. Be2 Bf5 {The position is equal.} 12. b3 O-O 13. Bb2 {[#]} Re8 $146 ({Predecessor:} 13... Bc7 14. Ba3 Re8 15. Rc1 Rc8 16. Bc5 Bg6 17. g3 {0-1 (46) Von Bahr,O (2421)-Kulaots,K (2579) Fagernes 2018}) 14. g3 Bc5 15. Na4 Ba7 16. Nd4 $1 {[%cal Rd4f5]} Bh3 $36 {[%mdl 2048] And now ...Nxd4 would win. Black is pushing.} 17. Re1 Ne5 18. f3 Bd7 19. Nc3 {[#]} (19. Rc1 $15) 19... Nc6 $1 $17 20. Nc2 Bf5 (20... Qa5 $142 21. a3 Bxe3+ 22. Nxe3 Qb6 23. Ncxd5 Nxd5 24. Qxd5 Qxe3+ 25. Kg2 Qxe2+ 26. Rxe2 Rxe2+ 27. Kf1 Be6 28. Qxc6 bxc6 29. Kxe2 Bxb3) 21. Bd3 Qd7 22. Kg2 Ne5 23. Bxf5 Qxf5 24. Rb1 h5 25. Rf1 {[#]} Nd3 (25... h4 $142 $1 {[%mdl 512]} 26. g4 (26. gxh4 Ng6) 26... Qg6) 26. Qd2 Nxb2 27. Rxb2 Qe5 28. Nd1 Rac8 29. Nd4 Bxd4 (29... Rcd8 $17) 30. Qxd4 Qxd4 31. exd4 Kf8 32. Rd2 Rc1 33. Nb2 Rc3 34. Na4 Rc7 35. Nc5 a5 36. h4 b6 37. Nd3 Rec8 38. Kf2 a4 39. bxa4 Ra8 40. Rb1 Rxa4 41. Ne5 Ra6 42. Rb5 Rca7 43. Ke3 Nd7 44. Nc6 Ra3+ 45. Ke2 Ra8 46. Rxd5 Nf6 47. Rb5 Rxa2 48. Rxb6 Nd5 49. Rb7 (49. Rb8+ $16 Rxb8 50. Rxa2) 49... Re8+ 50. Ne5 Ra3 {Accuracy: White = 63%, Black = 59%.} ({Black should try} 50... Rxd2+ $1 $14 51. Kxd2 f6) 1-0

[Event "Panchenko Memorial 2019"]
[Site "Chelyabinsk"]
[Date "2019.09.10"]
[Round "2.3"]
[White "Matveev, Vladimir"]
[Black "Volkov, Sergey"]
[Result "0-1"]
[WhiteElo "2372"]
[BlackElo "2557"]
[Annotator "TA"]
[PlyCount "70"]
[EventDate "2019.09.09"]
[EventType "swiss"]
[EventCountry "RUS"]
[SourceTitle "playchess.com"]
[Source "ChessBase"]
[SourceQuality "1"]

{[%evp 9,76,9,12,5,-8,-12,-21,-6,-18,-15,-13,-14,-7,-16,-17,-101,-94,-131,-127,-147,-86,-68,-78,-62,-73,-71,-69,-155,-157,-148,-139,-176,-9,-9,-9,-9,-8,-8,-15,0,0,0,0,-167,-191,-184,-180,-287,-235,-1548,-1366,-1334,-1106,-5265,-4894,-29946,-29944,-29939,-12836,-12841,-12833,-12839,-12845,-7737,-7835,-4924,-4914,-4890,-4841]} 1. d4 d5 2. c4 c6 3. Nf3 Nf6 4. Qc2 g6 5. Bf4 dxc4 $146 (5... Bg7 6. e3 O-O 7. cxd5 Bf5 8. Qb3 Bxb1 9. Rxb1 Qa5+ 10. Nd2 Nxd5 11. Bg3 e5 12. dxe5 Nd7 13. Qa3 Qxa3 14. bxa3 b5 {0-1 (57) Romanov,E (2611)-Saric,I (2689) Biograd 2018}) 6. e4 {D11: Slav Defence: 3 Nf3 sidelines and 3...Nf6 4 e3 Bg4} b5 7. b3 cxb3 8. axb3 {The position is equal.} Bg7 9. Be2 O-O 10. O-O a5 11. Rd1 Bb7 12. Bxb8 (12. Nc3 $11) 12... Qxb8 $17 13. Nc3 {[#]} c5 $1 {[%mdl 512]} 14. d5 (14. dxc5 b4) 14... Nxe4 ({Black should try} 14... e6 {Hoping for ...b4.} 15. dxe6 fxe6) 15. Nxe4 {aiming for Rac1.} Bxa1 16. Rxa1 Bxd5 17. Nc3 Bc6 18. Qd2 (18. Qc1 $15) 18... a4 19. bxa4 {[%cal Re2b5]} b4 (19... bxa4 $6 20. Qe3 $15) 20. Nd5 Qd8 $2 (20... Qd6 $19 21. Nb6 Qf6) 21. Bc4 $11 e6 ({Don't go for} 21... Rxa4 $2 22. Rxa4 Bxd5 23. Bxd5 $18) ({Not} 21... Bxa4 $2 22. Qh6 $18) 22. Qh6 $1 {Threatens to win with Ng5.} exd5 23. Ng5 $132 {[%mdl 2048] [#] White has counterplay} Qxg5 $1 {[%mdl 512]} 24. Qxg5 dxc4 25. Qxc5 {[%mdl 64] Double Attack} c3 26. Qxc6 $2 {[#]} (26. h4 $1 $11 Bxa4 27. Qxb4) 26... Rac8 $1 $19 {[%cal Rc8c6]} 27. Qd5 {Black must now prevent g3.} Rfd8 28. Qb3 {Rc1 is the strong threat.} c2 29. h4 $2 ({Don't blunder} 29. Rc1 $2 Rc3 $19) (29. g3 c1=Q+ 30. Rxc1 Rxc1+ 31. Kg2) 29... Rc3 30. Qxb4 Rd1+ {[%mdl 64] Double Attack} 31. Kh2 Rxa1 {[%mdl 4096] Endgame KQ-KRR} 32. Qb8+ Kg7 33. Qe5+ f6 34. Qe7+ {Black is clearly winning.} Kh6 35. g4 {[#]} Rc7 {Played: Ra1-h1} 0-1

[Event "Panchenko Memorial 2019"]
[Site "Chelyabinsk"]
[Date "2019.09.10"]
[Round "2.4"]
[White "Frolyanov, Dmitry"]
[Black "Tsvetkov, Andrey"]
[Result "1-0"]
[WhiteElo "2556"]
[BlackElo "2373"]
[Annotator "TA"]
[PlyCount "53"]
[EventDate "2019.09.09"]
[EventType "swiss"]
[EventCountry "RUS"]
[SourceTitle "playchess.com"]
[Source "ChessBase"]
[SourceQuality "1"]

{[%evp 25,53,7,12,11,12,12,59,82,100,97,147,173,264,269,258,199,223,225,454,436,474,289,543,426,425,340,320,332,878,866]} 1. d4 d5 2. c4 e6 3. Nc3 c6 4. Nf3 Nf6 5. e3 Nbd7 6. Bd3 dxc4 7. Bxc4 b5 8. Bd3 a6 9. e4 c5 10. d5 c4 11. dxe6 fxe6 12. Bc2 Qc7 13. O-O Bb7 14. Ne2 {D48: Semi-Slav: Meran System: 7...b5 8 Bd3 a6} O-O-O (14... Nc5 15. Bf4 Qd7 16. Qxd7+ Nfxd7 17. Ned4 Be7 18. b4 cxb3 19. axb3 b4 20. Rfe1 O-O 21. Bc7 g6 {½-½ (40) Radjabov,T (2748)-Karjakin,S (2778) Shamkir 2018}) 15. Ned4 Nc5 {[#] aiming for ...e5.} 16. e5 {White is slightly better.} Ng4 {Hoping for ...Bxf3.} 17. Qe2 g6 $146 ({Predecessor:} 17... Be7 18. b4 Nd3 19. Nxe6 Qc6 20. Nxd8 Rxd8 21. Bb2 {½-½ (21) Bulski,K (2519)-Cerveny,M (2347) Litomysl 2011}) 18. Bg5 Be7 (18... Bg7 $142) 19. Bxe7 $18 Qxe7 20. a4 Rhf8 21. h3 Nh6 $2 {[#]} (21... Rf4 22. axb5 (22. hxg4 b4 $16) 22... Rfxd4) 22. axb5 axb5 23. Qe3 Bxf3 $2 (23... Rxf3 {was necessary.} 24. Nxf3 (24. gxf3 Nf7 $18) 24... Nf5 25. Bxf5 gxf5) 24. Nxf3 Nf5 25. Qa3 Qc7 26. b4 Nd3 $2 (26... Nd7 27. Be4 Nb8) 27. Bxd3 {Accuracy: White = 78%, Black = 22%.} 1-0

[Event "Panchenko Memorial 2019"]
[Site "Chelyabinsk"]
[Date "2019.09.10"]
[Round "2.5"]
[White "Korneev, Oleg"]
[Black "Mischuk, Dmitry"]
[Result "1/2-1/2"]
[WhiteElo "2511"]
[BlackElo "2372"]
[Annotator "TA"]
[PlyCount "118"]
[EventDate "2019.09.09"]
[EventType "swiss"]
[EventCountry "RUS"]
[SourceTitle "playchess.com"]
[Source "ChessBase"]
[SourceQuality "1"]

{[%evp 18,118,15,24,21,0,0,3,0,4,14,6,10,10,13,9,48,-1,-6,-6,-15,-11,-9,-15,-11,-11,0,0,0,0,7,10,33,32,37,22,27,16,32,31,32,32,43,12,54,69,68,57,76,48,53,47,50,64,52,68,65,48,47,50,80,0,0,0,0,0,0,0,27,0,0,0,0,0,0,0,0,0,0,0,0,0,0,0,0,0,0,0,0,0,0,0,0,0,0,0,0,0,0,0,0,0,0]} 1. e4 e5 2. Nf3 Nc6 3. Bb5 Nf6 4. O-O Nxe4 5. d4 Nd6 6. Bxc6 dxc6 7. dxe5 Nf5 8. Qxd8+ Kxd8 9. h3 Ke8 10. Nc3 b6 {C67: Ruy Lopez: Berlin Defence: 4 0-0 Nxe4} 11. Bf4 Bb4 12. Ne4 Ba6 13. Rfc1 Be2 14. Nh2 Bc4 {[#]} 15. c3 $146 ({Predecessor:} 15. Rd1 Bd5 16. c3 Bxe4 17. cxb4 Rd8 18. e6 fxe6 19. Bxc7 Rxd1+ 20. Rxd1 {1-0 (51) Vachier Lagrave,M (2789)-Anand,V (2759) Leuven 2018}) 15... Be7 16. Re1 Be6 17. Nf3 c5 18. g4 Nh4 19. Nxh4 Bxh4 20. Bg5 Bxg5 21. Nxg5 h5 22. Nxe6 fxe6 $11 {[%mdl 4096] Endgame KRR-KRR} 23. Rad1 hxg4 24. hxg4 Rh4 25. f3 Ke7 26. Kg2 Rah8 {[#] aiming for ...Rh2+.} 27. Rh1 $1 Rxh1 28. Rxh1 {KR-KR} Rd8 29. Kg3 Rd5 30. f4 Rd8 31. Rh7 Kf7 32. f5 $1 Kg8 $1 {[%cal Rg8h7]} 33. Rh2 Kf7 34. Kf4 Rd1 35. Rh8 Rf1+ $1 36. Kg5 {Rc8 is the strong threat.} Rg1 $1 37. Rc8 exf5 38. Kxf5 Rf1+ {[#]} 39. Kg5 (39. Ke4 $1 $16) 39... Rf2 40. Rxc7+ Ke6 41. Rxg7 Rxb2 42. Rxa7 Kxe5 43. Kh6 Rh2+ {The position is equal.} 44. Kg6 Rc2 45. g5 Rxc3 46. Re7+ Kd4 47. Rb7 Ra3 48. Rxb6 Rxa2 49. Rd6+ Ke4 50. Kf7 Rf2+ 51. Rf6 Rxf6+ 52. gxf6 {White threatens Ke6 and mate. KP-KP} c4 53. Ke6 {Threatening mate with f7.} c3 54. f7 c2 55. f8=Q {Intending Qf5+ and mate.} c1=Q 56. Qf5+ Kd4 57. Qd5+ Kc3 58. Qc5+ Kb2 59. Qxc1+ Kxc1 {Accuracy: White = 68%, Black = 70%.} 1/2-1/2

[Event "Panchenko Memorial 2019"]
[Site "Chelyabinsk"]
[Date "2019.09.10"]
[Round "2.6"]
[White "Remizov, Yaroslav"]
[Black "Mirzoev, Azer"]
[Result "1-0"]
[WhiteElo "2354"]
[BlackElo "2502"]
[Annotator "TA"]
[PlyCount "77"]
[EventDate "2019.09.09"]
[EventType "swiss"]
[EventCountry "RUS"]
[SourceTitle "playchess.com"]
[Source "ChessBase"]
[SourceQuality "1"]

{[%evp 11,91,0,6,0,0,0,0,0,0,0,4,8,16,10,56,38,44,32,62,53,64,13,13,8,8,7,17,13,117,112,169,155,170,168,170,156,256,256,237,185,437,0,0,0,0,0,0,0,0,-104,-105,-117,0,-117,-112,-100,-47,-156,-178,-269,830,827,1033,1039,936,683,643,646,761,756,29991,939,29995,739,29994,29995,29995,29996,29996,29997,29998,29999]} 1. e4 e5 2. Nf3 Nc6 3. Bc4 Bc5 4. c3 Nf6 5. d4 exd4 6. e5 d5 7. Be2 {C54: Giuoco Piano: 4 c3 Nf6, main lines with 5 d4 and 5 d3} (7. Bb5 Ne4 8. cxd4 Bb6 9. Nc3 O-O 10. Be3 Ba5 11. Qb3 Bxc3+ 12. bxc3 Na5 13. Qb4 b6 14. O-O Bf5 15. Rfc1 Rc8 16. Ba6 Rb8 17. Bd3 Re8 {½-½ (32) Karjakin,S (2753)-Topalov,V (2740) Shamkir 2019}) 7... Ne4 8. cxd4 Bb6 9. O-O {The position is equal.} O-O 10. Nc3 Bf5 11. Be3 h6 12. Rc1 Bh7 $146 ({Predecessor:} 12... Kh8 13. Na4 f6 14. exf6 Qxf6 {½-½ (29) Tomczak,J (2600)-Aleksandrov,A (2580) Suwalki 2018}) 13. Bd3 Kh8 14. a3 f5 15. exf6 $1 Rxf6 16. Qc2 (16. Na4 $14) 16... Nxc3 $11 17. bxc3 Bxd3 18. Qxd3 Qd6 19. Rce1 Rxf3 (19... Raf8 $1 $11) 20. gxf3 $16 Qxa3 (20... Rf8 $16) 21. Kh1 Qf8 22. Bc1 $1 Qf7 23. Rg1 Ne7 (23... Rf8 $16) 24. Rg4 $18 Nf5 25. Bf4 {Threatens to win with Be5.} g6 $2 {[#]} (25... Rf8 26. Be5 c6) 26. Reg1 $2 ({White has to play} 26. Bxh6 $1 $18 {[%mdl 512] Hoping for Bf4.} c5 (26... Nxh6 27. Rxg6) 27. Bf4) 26... Rg8 $11 27. Be5+ Kh7 28. h4 {Strongly threatening h5.} h5 $1 {[%cal Rh5g4]} 29. Rf4 {aiming for Rg5.} Rf8 30. c4 (30. Qb1 $11 {remains equal.}) 30... dxc4 $17 31. Qb1 c6 (31... Qe6 $17 32. Rg5 c6) 32. Rg5 (32. Bd6 $1 $11 {was the only way to keep the balance.} Rd8 33. Rg5 Rxd6 34. Rgxf5 gxf5 35. Rxf5) 32... Qe6 $1 33. Re4 {Bg7! is the strong threat.} Qd7 (33... Rf7 $1 $17 34. Qc2 Qd7 35. Qxc4 Bd8) 34. Qb4 {[#]} (34. Qg1 $1 $15 Qf7 35. Rf4) 34... Rf7 $1 {[%cal Rb6d4]} 35. Rf4 (35. Qxc4 {was necessary.} Bd8 36. Rg1) 35... Qe7 $4 {[%mdl 8192] [#]} (35... Nxd4 $19 36. Rxf7+ Qxf7 37. Bxd4 Bxd4) 36. Rfxf5 $1 $18 {[%mdl 512]} Qxb4 (36... Rxf5 37. Qxe7+) 37. Rxf7+ Kg8 38. Rf6 Qb1+ 39. Kg2 {Played: Rg5-g1} 1-0

[Event "Panchenko Memorial 2019"]
[Site "Chelyabinsk"]
[Date "2019.09.10"]
[Round "2.7"]
[White "Drygalov, Andrey"]
[Black "Frolov, Artiom"]
[Result "1/2-1/2"]
[WhiteElo "2499"]
[BlackElo "2366"]
[Annotator "TA"]
[PlyCount "81"]
[EventDate "2019.09.09"]
[EventType "swiss"]
[EventCountry "RUS"]
[SourceTitle "playchess.com"]
[Source "ChessBase"]
[SourceQuality "1"]

{[%evp 12,81,39,37,67,69,84,29,39,4,33,20,24,4,8,0,12,0,5,-6,-3,-1,-3,-14,-15,-34,0,0,0,0,15,14,5,0,0,0,0,-4,-3,-3,-6,-4,-8,0,0,0,11,0,15,0,0,0,0,0,0,0,0,0,0,0,0,0,0,0,0,0,0,0,0,0,0,0]} 1. e4 e5 2. Nf3 Nf6 3. Nxe5 d6 4. Nf3 Nxe4 5. Nc3 Nf6 6. d4 Be7 7. Bd3 Bg4 {C42: Petroff Defence: 3 Nxe5 and unusual White 3rd moves} (7... O-O 8. O-O Nc6 9. h3 Nb4 10. Bc4 d5 11. Bb3 c6 12. Re1 Na6 13. Ne2 Nc7 14. Ng3 Nfe8 15. c3 Nd6 {1-0 (98) Vachier Lagrave,M (2778)-Yu,Y (2752) Saint Louis 2019}) 8. h3 Bh5 9. O-O (9. g4 $16 Bg6 10. O-O) 9... O-O $11 {White has an edge.} 10. Bf4 Nbd7 11. Re1 Nb6 12. Be2 $146 ({Predecessor:} 12. g4 Bg6 13. Bf1 Nbd5 14. Nxd5 Nxd5 15. Bg3 Nb4 {1-0 (38) Sadvakasov,D (2611)-Rabiega,R (2527) playchess.com INT 2004}) 12... Qd7 13. Nd2 Bg6 14. Bf3 c6 15. Nde4 Nxe4 16. Nxe4 Rae8 17. Ng3 d5 18. c3 Bd6 19. Bxd6 {The position is equal.} Qxd6 20. b3 Re7 21. Rxe7 Qxe7 22. Qe1 Re8 23. Qxe7 Rxe7 24. Nf1 Nc8 25. Ne3 Nd6 26. c4 dxc4 27. bxc4 Nf5 28. Nxf5 Bxf5 {[%mdl 4096] Endgame KRB-KRB} 29. Rd1 Rd7 30. g4 (30. d5 {feels hotter.} cxd5 31. cxd5 f6 32. g4 Bg6 33. d6) 30... Bc2 31. Rd2 Bg6 32. d5 cxd5 $1 33. Bxd5 Kf8 34. Rb2 b6 35. a4 f6 36. a5 bxa5 37. Ra2 Bf7 38. Rxa5 Bxd5 39. cxd5 Ke7 40. Kg2 Kd6 41. Kf3 {Accuracy: White = 47%, Black = 72%.} 1/2-1/2

[Event "Panchenko Memorial 2019"]
[Site "Chelyabinsk"]
[Date "2019.09.10"]
[Round "2.8"]
[White "Zhalmakhanov, Ramazan"]
[Black "Yudin, Sergei"]
[Result "1/2-1/2"]
[WhiteElo "2342"]
[BlackElo "2494"]
[Annotator "TA"]
[PlyCount "80"]
[EventDate "2019.09.09"]
[EventType "swiss"]
[EventCountry "RUS"]
[SourceTitle "playchess.com"]
[Source "ChessBase"]
[SourceQuality "1"]

{[%evp 20,80,15,19,15,8,32,0,11,9,9,6,9,7,8,0,0,0,0,-15,-17,-20,-14,-8,5,6,2,2,2,3,4,0,0,-10,-10,-10,-10,-10,-10,-17,-23,-24,-24,-24,25,25,25,25,25,25,27,25,27,9,9,9,9,9,71,9,9,9,9]} 1. e4 d6 2. d4 Nf6 3. Nc3 e5 4. Nf3 Nbd7 5. Bc4 Be7 6. O-O O-O 7. Re1 c6 8. a4 a5 9. h3 exd4 10. Nxd4 Nc5 11. Ba2 Be6 {C41: Philidor Defence} 12. Nxe6 (12. Qf3 Qd7 13. Be3 Bxa2 14. Rxa2 Rfe8 15. Raa1 Bd8 16. Bf4 Ne6 17. Rad1 Nxf4 18. Qxf4 g6 19. Nf3 {½-½ (30) Gopal,G (2580)-Kuzubov,Y (2661) Doha 2014}) 12... fxe6 13. e5 (13. Be3 $5 {[%cal Re3c5]}) 13... Nd5 14. exd6 Bxd6 15. Be3 {[%cal Rc3d5]} Nxe3 16. Rxe3 Qf6 $146 ({Predecessor:} 16... Qc7 17. Qe2 Bf4 18. Rf3 {½-½ (20) Ovetchkin,R (2511)-Khegay,D (2405) Pavlodar 2015}) 17. Qe2 {[%cal Ra2e6]} Bf4 18. Rf3 Qe5 19. Re1 Qxe2 20. Rxe2 Bc1 21. Ne4 Nxe4 22. Bxe6+ Kh8 {[#] Threatens to win with ...Rxf3.} 23. Rxf8+ Rxf8 24. Rxe4 Bxb2 $11 {[%mdl 4096] Endgame KRB-KRB} 25. g3 Re8 26. Bd5 {[%cal Re4e8]} (26. f4 {feels hotter.} g6 27. Bd5 Rxe4 28. Bxe4 Kg7 29. Kf2) 26... Rxe4 27. Bxe4 {KB-KB} Kg8 28. Kf1 h6 29. Ke2 Bd4 30. Bf5 Kf8 31. Bc8 b6 32. Bd7 c5 33. f4 Ke7 34. Bb5 Kf6 35. Kf3 g5 36. c4 gxf4 37. gxf4 Bc3 38. Ke4 Bd2 {[#]} (38... Ke6 $1 $11 {keeps the balance.}) 39. h4 (39. f5 $1 $16) 39... Be1 40. h5 Bd2 {Accuracy: White = 59%, Black = 68%.} 1/2-1/2